Therabhipujana

Saved in:
Bibliographic Details
Main Author: Mudithamano bikku, Gangodawila
Format: Book
Published: 2014
Subjects:
Tags: Add Tag
No Tags, Be the first to tag this record!

MARC

LEADER 00000nam a2200000 a 4500
020 |a 9789554193000 
082 |a 294.3 
100 |a Mudithamano bikku, Gangodawila 
245 |a Therabhipujana 
260 |c 2014 
300 |a 240p.:col.ill.;25cm 
653 |a Buddhism 
942 |c AFW 
999 |c 190251  |d 190251